LEADER 01389nam0 22003131i 450 001 UON00004097 005 20231205101902.949 010 $a34-470-2893-9 100 $a20020107d1989 |0itac50 ba 101 $ager 102 $aDE 105 $a|||| 1|||| 200 1 $aGedanke und Wirkung Festschrift zum 90. Geburtstag von Nikolaus Poppe$fHerausg egeben von Walther Heissig und Klaus Sagaster 210 $aWiesbaden$cOtto Harrassowitz$d 1989 215 $axvi,372 p.$d24 cm 410 1$1001UON00004098$12001 $aAsiatische Forschungen. Monographienreihe zur Geschichte, Kultur und Sprache der Völker Ost-und Zentralasiens$v108 620 $aDE$dWiesbaden$3UONL003153 686 $aMON GEN D I$cMONGOLIA - STUDI IN ONORE DI - GENERALIA$2A 702 1$aHEISSIG$bWalther$3UONV000272 702 1$aPOPPE$bNicholas$3UONV003516 702 1$aSAGASTER$bKlaus$3UONV003517 712 $aHarrassowitz$3UONV245869$4650 790 1$aPOPPE, Nikolaus$zPOPPE, Nicholas$3UONV009787 801 $aIT$bSOL$c20240220$gRICA 899 $aSIBA - SISTEMA BIBLIOTECARIO DI ATENEO$2UONSI 912 $aUON00004097 950 $aSIBA - SISTEMA BIBLIOTECARIO DI ATENEO$dSI MON GEN D I 002 $eSI SA 68077 5 002 996 $aGedanke und Wirkung Festschrift zum 90. Geburtstag von Nikolaus Poppe$91175024 997 $aUNIOR LEADER 00773nam a2200229 i 4500 001 991004349936807536 005 20241114233915.0 008 241112s1973 fr er 001 0 fre d 040 $aBibl. Dip.le Aggr. Studi Umanistici - Sez. Filosofia$bita$cSocioculturale Scs 041 0 $afre 082 04$a321.07$223 245 00$aC'est demain la veille /$centretiens avec Michel Foucault ... [et al.] 260 $aParis :$bÉditions du Seuil,$cc1973 300 $a200 p. ;$c21 cm 490 1 $aActuel 650 4$aUtopia$xFilosofia 650 4$aRivoluzione$vInterviste 700 1 $aFoucault, Michel$eauthor$4http://id.loc.gov/vocabulary/relators/aut$0124914 830 0$aActuel 912 $a991004349936807536 996 $aC'est demain la veille$94286660 997 $aUNISALENTO